[Event "HUN-chT2 Asztalos 1718"]
[Site "Hungary"]
[Date "2017.12.17"]
[Round "4.3"]
[White "Babits, Andras"]
[Black "Kele, Janos"]
[Result "1/2-1/2"]
[WhiteElo "2071"]
[BlackElo "2072"]
[PlyCount "53"]
[EventDate "2017.10.29"]
[EventType "team-tourn"]
[EventRounds "9"]
[EventCountry "HUN"]
[SourceTitle "EXT 2021"]
[Source "ChessBase"]
[SourceDate "2020.10.23"]
[SourceVersion "1"]
[SourceVersionDate "2020.10.23"]
[SourceQuality "1"]
[WhiteTeam "Marcali"]
[BlackTeam "Kaposvar Bastya"]
[WhiteTeamCountry "HUN"]
[BlackTeamCountry "HUN"]

1. e4 c5 2. b3 Nc6 3. Bb2 e6 4. Nf3 a6 5. Be2 d5 6. exd5 exd5 7. d4 Nf6 8. 0-0 cxd4 9. Nxd4 Bc5 10. Bf3 0-0 11. c3 Ne5 12. Be2 Qd6 13. h3 Ng6 14. Re1 Nf4 15. Bf1 Ne4 16. Qf3 Qf6 17. Qe3 Qg5 18. Bc1 Bd6 19. Kh1 Qf6 20. Ba3 Bxa3 21. Nxa3 Bd7 22. Nac2 Rae8 23. Qf3 Ng5 24. Qg3 Ne4 25. Qf3 Nd2 26. Qg3 Ne4 27. Qf3 1/2-1/2

[Event "HUN-chT2 Asztalos 1516"]
[Site "Hungary"]
[Date "2016.04.03"]
[Round "10.2"]
[White "Babits, Andras"]
[Black "Arbutina, Sinisa"]
[Result "0-1"]
[WhiteElo "2123"]
[BlackElo "2314"]
[PlyCount "88"]
[EventDate "2015.09.13"]
[EventType "team-tourn"]
[EventRounds "11"]
[EventCountry "HUN"]
[SourceTitle "EXT 2017"]
[Source "ChessBase"]
[SourceDate "2016.10.25"]
[SourceVersion "1"]
[SourceVersionDate "2016.10.25"]
[SourceQuality "1"]
[WhiteTeam "Marcali"]
[BlackTeam "Baja Spartacus"]
[WhiteTeamCountry "HUN"]
[BlackTeamCountry "HUN"]

1. e4 e5 2. Bc4 Nc6 3. Nc3 Nf6 4. d3 Na5 5. Bb3 Nxb3 6. axb3 d5 7. exd5 Nxd5 8. Qh5 Qd6 9. Nf3 Nb4 10. 0-0 g6 11. Qxe5+ Qxe5 12. Nxe5 Nxc2 13. Ra4 c6 14. Re4 Be6 15. Bg5 Bg7 16. Rc1 f5 17. Re2 Nd4 18. Ree1 0-0 19. b4 Rfe8 20. Nc4 Bf8 21. b5 cxb5 22. Ne3 Rac8 23. Bf6 Nb3 24. Rcd1 Kf7 25. Be5 a6 26. f4 Rcd8 27. d4 b4 28. d5 bxc3 29. dxe6+ Kxe6 30. Rxd8 Rxd8 31. bxc3 Bc5 32. Kf1 Nd2+ 33. Ke2 Ne4 34. Nf1 a5 35. Rb1 b6 36. Rb2 Rd7 37. Ne3 a4 38. c4 a3 39. Ra2 Bd6 40. Ke1 Bxe5 41. fxe5 Rd3 42. Nd5 Rb3 43. Nc7+ Kxe5 44. Nb5 Rb1+ 0-1

[Event "HUN-chT2 Asztalos 1415"]
[Site "Hungary"]
[Date "2014.11.30"]
[Round "3"]
[White "Vrban, Mladen"]
[Black "Babits, Andras"]
[Result "1-0"]
[WhiteElo "2338"]
[BlackElo "2084"]
[PlyCount "125"]
[EventDate "2014.10.12"]
[EventType "team-tourn"]
[EventRounds "9"]
[EventCountry "HUN"]
[SourceTitle "EXT 2016"]
[Source "ChessBase"]
[SourceDate "2015.10.08"]
[SourceVersion "1"]
[SourceVersionDate "2015.10.08"]
[SourceQuality "1"]
[WhiteTeam "Nagyatad"]
[BlackTeam "Marcali"]
[WhiteTeamCountry "HUN"]
[BlackTeamCountry "HUN"]

1. d4 Nf6 2. Nc3 g6 3. e4 d6 4. Be2 Bg7 5. e5 Nfd7 6. exd6 cxd6 7. Be3 a6 8. Qd2 h5 9. 0-0-0 Nf6 10. h3 Bd7 11. Nf3 b5 12. Ng5 Nc6 13. g4 Na5 14. b3 Rc8 15. Nge4 h4 16. Nxf6+ Bxf6 17. Nd5 Bg7 18. Rhe1 Be6 19. Bf3 Nc6 20. Kb1 a5 21. c3 0-0 22. Bh6 Bxd5 23. Bxd5 e6 24. Bxg7 Kxg7 25. Bxc6 Rxc6 26. Re3 d5 27. f4 Qf6 28. Rf3 Rfc8 29. f5 exf5 30. gxf5 b4 31. cxb4 axb4 32. Qxb4 Rc2 33. Qe1 Qc6 34. fxg6 Qxg6 35. Qe5+ f6 36. Qe7+ Kg8 37. Qe6+ Kg7 38. Qd7+ Kh8 39. Qf5 Kg7 40. Qxg6+ Kxg6 41. Rg1+ Kf7 42. Rgf1 R2c6 43. Rf4 Re8 44. Rxh4 Re2 45. Rhf4 Rcc2 46. Rxf6+ Kg7 47. Ra6 Rb2+ 48. Ka1 Rbd2 49. Rc1 Re7 50. b4 Rxd4 51. b5 Rb4 52. Rb1 Ree4 53. b6 Rxb1+ 54. Kxb1 Rb4+ 55. Kc2 Kf6 56. a3 Rb5 57. a4 Rb4 58. a5 Ke5 59. Ra7 Kd4 60. b7 Kc4 61. a6 d4 62. Ra8 d3+ 63. Kc1 1-0

[Event "Balaton op 32nd"]
[Site "Balatonboglar"]
[Date "2014.06.19"]
[Round "6"]
[White "Aczel, Gergely"]
[Black "Babits, Andras"]
[Result "1-0"]
[WhiteElo "2464"]
[BlackElo "2082"]
[PlyCount "77"]
[EventDate "2014.06.14"]
[EventType "swiss"]
[EventRounds "9"]
[EventCountry "HUN"]
[SourceTitle "EXT 2015"]
[Source "ChessBase"]
[SourceDate "2014.11.20"]
[SourceVersion "1"]
[SourceVersionDate "2014.11.20"]
[SourceQuality "1"]

1. d4 d6 2. e4 Nf6 3. f3 Nbd7 4. c4 c6 5. Nc3 e5 6. Nge2 Be7 7. Be3 a6 8. d5 cxd5 9. cxd5 b5 10. Nc1 0-0 11. Nd3 Ne8 12. Qd2 Nb6 13. Nb4 Bd7 14. Rc1 Nc4 15. Bxc4 bxc4 16. Nc6 Bxc6 17. dxc6 Rc8 18. Qd5 Bg5 19. Bxg5 Qxg5 20. 0-0 Qe3+ 21. Kh1 Qb6 22. Qxc4 Rxc6 23. Nd5 Rxc4 24. Nxb6 Rxc1 25. Rxc1 Nf6 26. Rc6 Rb8 27. Rxd6 Kf8 28. Nc4 a5 29. g4 a4 30. Ra6 Rb4 31. Nxe5 Rxb2 32. Rxa4 Ne8 33. Kg1 f6 34. Nd3 Rd2 35. Nf4 g5 36. Nd5 Kg7 37. Ra7+ Kh6 38. Ne7 Nd6 39. Rd7 1-0

[Event "HUN-chT2 Asztalos 1314"]
[Site "Hungary"]
[Date "2013.10.20"]
[Round "3"]
[White "Babits, Andras"]
[Black "Halasz, Attila"]
[Result "1/2-1/2"]
[WhiteElo "2122"]
[BlackElo "2139"]
[PlyCount "68"]
[EventDate "2013.09.08"]
[EventType "team-tourn"]
[EventRounds "9"]
[EventCountry "HUN"]
[SourceTitle "EXT 2016"]
[Source "ChessBase"]
[SourceDate "2015.10.08"]
[SourceVersion "1"]
[SourceVersionDate "2015.10.08"]
[SourceQuality "1"]
[WhiteTeam "Marcali"]
[BlackTeam "Szentlorinc"]
[WhiteTeamCountry "HUN"]
[BlackTeamCountry "HUN"]

1. e4 d5 2. exd5 Qxd5 3. Nc3 Qa5 4. Bc4 Nf6 5. Nge2 c6 6. d3 e6 7. 0-0 Be7 8. Ng3 0-0 9. Bd2 Qc7 10. Nce4 Nbd7 11. a4 Nxe4 12. dxe4 Bf6 13. Nh5 Bxb2 14. Rb1 Be5 15. f4 Bd4+ 16. Kh1 Nf6 17. Nxf6+ Bxf6 18. e5 Be7 19. Qe2 Bd7 20. Rb3 b5 21. axb5 cxb5 22. Bd3 g6 23. Rc3 Qb6 24. Rb3 a6 25. Rfb1 Rab8 26. Qe1 Rfc8 27. h4 h5 28. Ba5 Qd4 29. Qg3 Kh7 30. Bd2 Bc6 31. Be3 Qd8 32. Bf2 Qd5 33. Rg1 Qd8 34. Rbb1 Bd5 1/2-1/2

[Event "HUN-chT2 Asztalos 1112"]
[Site "Hungary"]
[Date "2011.11.13"]
[Round "3.3"]
[White "Babits, Andras"]
[Black "Hovorka, Tamas"]
[Result "1-0"]
[WhiteElo "2160"]
[BlackElo "2078"]
[PlyCount "43"]
[EventDate "2011.09.25"]
[EventType "team-tourn"]
[EventRounds "11"]
[EventCountry "HUN"]
[SourceTitle "EXT 2013"]
[Source "ChessBase"]
[SourceDate "2012.11.22"]
[SourceVersion "1"]
[SourceVersionDate "2012.11.22"]
[SourceQuality "1"]
[WhiteTeam "Marcali"]
[BlackTeam "Pecs Karmin"]
[WhiteTeamCountry "HUN"]
[BlackTeamCountry "HUN"]

1. e4 d6 2. d4 g6 3. c3 Bg7 4. Bc4 Nc6 5. Nf3 e5 6. Na3 Nge7 7. dxe5 Nxe5 8. Nxe5 Bxe5 9. Bh6 Ng8 10. Be3 Be6 11. Bxe6 fxe6 12. Qb3 Qc8 13. 0-0-0 Bg7 14. Nc4 Kf8 15. h4 Nf6 16. e5 dxe5 17. Nxe5 Nd5 18. Bc5+ Ke8 19. Rhe1 c6 20. c4 Qc7 21. cxd5 Bxe5 22. Rxe5 1-0